| 000 | 00000nam 2200000za 4500 |
| 001 | 9.822329 |
| 003 | CaOODSP |
| 005 | 20221107143649 |
| 007 | cr ||||||||||| |
| 008 | 160809s1985 onc |o f|0| 0 fre d |
| 040 | |aCaOODSP|bfre |
| 043 | |an-cn--- |
| 086 | 1 |aF2-70/1985F-PDF |
| 110 | 1 |aCanada. |bMinistère des finances. |
| 245 | 10|aAssurer l'avenir financier du Régime de pensions du Canada |h[ressource électronique]. |
| 260 | |a[Ottawa] : |b[Ministère des Finances Canada], |cc1985. |
| 300 | |a23 p. : |btableaux. |
| 500 | |aPublié aussi en anglais sous le titre : The Canada Pension Plan: keeping it financially healthy. |
| 692 | 07|2gccst|aPension |
| 775 | 08|tThe Canada Pension Plan |w(CaOODSP)9.822327 |
| 856 | 40|qPDF|s1.11 Mo|uhttps://publications.gc.ca/collections/collection_2016/fin/F2-70-1985-fra.pdf |